(Papers presented at .. , 25-26 Februari 2003, Kuala Lumpur

Bibliographic Details
Corporate Authors: SEMINAR Memahami Agama Islam melalui Tekno-Daei, Institut Kefahaman Islam Malaysia (IKIM)
Format: Book
Published: (Kuala Lumpur : Institut Kefahaman Islam Malaysia (IKIM) , 2003
Subjects:

MARC

LEADER 00000cam a2200000 7i4500
001 0000002676
005 20031027.0
090 0 0 |a C297.266   |b SEM 2003 
110 1 0 |a SEMINAR Memahami Agama Islam melalui Tekno-Daei   |k 2003   |j Kuala Lumpur 
245 1 0 |a (Papers presented at .. , 25-26 Februari 2003, Kuala Lumpur 
260 0 0 |a (Kuala Lumpur :   |b Institut Kefahaman Islam Malaysia (IKIM) ,   |c 2003 
300 |a Various pagings :   |b ill. ;   |c 30 cm. 
500 0 0 |a Includes bibliographical references 
650 0 0 |a Islam   |x Congresses 
650 0 0 |a Islam   |x Information technology   |x Congresses 
710 1 1 |a Institut Kefahaman Islam Malaysia (IKIM) 
998 |a JPSM 
999 |a 0000005049   |b Monograph   |c Conference kit   |e Default branch